Normal view
MARC view
Entry Personal Name
001 - CONTROL NUMBER
- control field: 21063
003 - CONTROL NUMBER IDENTIFIER
- control field: ARRUPE
005 - DATE AND TIME OF LATEST TRANSACTION
- control field: 20151112112839.0
008 - FIXED-LENGTH DATA ELEMENTS
- fixed length control field: 151112|| aca||aabn | a|a d
040 ## - CATALOGING SOURCE
- Original cataloging agency: ARRUPE
- Transcribing agency: ARRUPE
100 ## - HEADING--PERSONAL NAME
- Personal name: Kant, Immanuel,
- Dates associated with a name: 1724-1804
- General subdivision: Aesthetics.
670 ## - SOURCE DATA FOUND
- Source citation: Work cat.: (ARRUPE)0: Zammito, John H., 1948- 21062, The genesis of Kant's critique of judgment /, 1992.